| 000 | 00569 a2200181 4500 | ||
|---|---|---|---|
| 020 | _a0130172936 | ||
| 040 |
_aDLC _bDLC |
||
| 082 | 0 | 0 | _a621.38223 |
| 100 | 1 | _aKamen, Edward W. | |
| 245 | 1 | 0 |
_aFundamentals of signals and systems using the Web and MATLAB _cEdward W. Kamen, Bonnie S. Heck. |
| 250 | _a2nd ed. | ||
| 260 |
_aUpper Saddle River, NJ : _bPrentice Hall, _cc2000. |
||
| 300 |
_aix, 722 p. : _bill. ; _c25 cm. |
||
| 650 | 0 |
_aSignal processing _xDigital techniques. |
|
| 650 | 0 | _aSystem analysis. | |
| 700 | 1 | _aHeck, Bonnie S. | |
| 942 |
_cBK _k621.38223 KAM _2ddc |
||
| 999 |
_c10073 _d10073 |
||